| 000 | 00714nam a2200289Ia 4500 | ||
|---|---|---|---|
| 005 | 20260324112242.0 | ||
| 008 | 008 260324s9999 xx 000 0 eng d | ||
| 020 | _a9781003389972 | ||
| 037 | _aEBOOK | ||
| 040 | _aCRL | ||
| 040 | _beng | ||
| 040 | _cCRL | ||
| 041 | _2eng | ||
| 041 | _aeng | ||
| 084 | _qCRL | ||
| 100 |
_aBegüm Irmak; Can Koçak; Onur Sesigür; Nazan Haydari _91141915 |
||
| 245 | 0 | _aCollaboration in Media Studies | |
| 245 | 0 | _bDoing and Being Together | |
| 260 | _bTaylor and Francis | ||
| 260 | _c2024 | ||
| 365 | _a | ||
| 365 | _b220 | ||
| 856 | _uhttp://www.taylorfrancis.com/books/9781003389972 | ||
| 942 | _cEBOOK | ||
| 999 |
_c1731059 _d1731059 |
||